[Event "23rd ECh U20"]
[Site "Holon ISR"]
[Date "1995.11.??"]
[Round "5"]
[White "Bakhtadze, Giorgi"]
[Black "Rowson, Jonathan"]
[Result "0-1"]
[WhiteElo "2275"]
[BlackElo "2400"]
[EventDate "1995.11.03"]
[PlyCount "74"]

1.e4 d6 2.d4 Nf6 3.Bd3 e5 4.c3 d5 5.dxe5 Nxe4 6.Nf3 Nc6 7.Nbd2 Nc5 8.Bc2 
Bg4 9.O-O Be7 10.Re1 d4 11.h3 Bh5 12.Ne4 dxc3 13.Qxd8+ Rxd8 14.Nf6+ gxf6 
15.exf6 Bxf3 16.gxf3 Nd3 17.fxe7 Rd6 18.Bxd3 Rxd3 19.bxc3 Rg8+ 20.Kh2 Rxc3
21.Be3 Rg6 22.Rab1 b6 23.Rb5 f6 24.f4 Rg7 25.Rf5 Rf7 26.h4 Rd3 27.h5 Nxe7 
28.Rb5 Kd7 29.Rg1 c5 30.a4 Kc6 31.Rgb1 Nd5 32.a5 Nb4 33.R5xb4 cxb4 34.axb6
a5 35.Ra1 Kb5 36.Rc1 Rxe3 37.fxe3 Kxb6 0-1

[Event "23rd ECh U20"]
[Site "Holon ISR"]
[Date "1995.11.??"]
[Round "5"]
[White "Slivinskas, Mindaugas"]
[Black "Garbisu de Goni, Unai"]
[Result "1/2-1/2"]
[WhiteElo "2265"]
[BlackElo "2395"]
[EventDate "1995.11.03"]
[PlyCount "85"]

1.e4 e5 2.Nf3 Nc6 3.Bb5 a6 4.Ba4 Nf6 5.d4 exd4 6.O-O d6 7.Nxd4 Bd7 8.Nxc6 
Bxc6 9.Bxc6+ bxc6 10.Re1 Be7 11.Qf3 O-O 12.e5 dxe5 13.Qxc6 Bb4 14.c3 Bd6 
15.Nd2 Qe8 16.Qxe8 Rfxe8 17.Nc4 Re6 18.Be3 Nd5 19.Rad1 Nxe3 20.Rxe3 Kf8 
21.Rd5 Rb8 22.Ra5 e4 23.g3 Be7 24.Rd5 Rb5 25.Rd1 f5 26.Kf1 Rc6 27.b3 a5 
28.Nb2 Bg5 29.c4 Re5 30.f4 Bh6 31.Re2 Re7 32.Rd5 g6 33.Rxa5 Rd7 34.c5 Bg7 
35.b4 Rd4 36.a3 Re6 37.Ra7 Re7 38.b5 Rd5 39.Na4 Rd1+ 40.Kg2 Bd4 41.Ra8+ 
Re8 42.Ra7 Re7 43.Ra8+ 1/2-1/2

[Event "23rd ECh U20"]
[Site "Holon ISR"]
[Date "1995.11.??"]
[Round "5"]
[White "Edzgveradze, Natalia"]
[Black "Hedman, Erik"]
[Result "1-0"]
[WhiteElo "2320"]
[BlackElo "2320"]
[EventDate "1995.11.03"]
[PlyCount "69"]

1.d4 Nf6 2.c4 e6 3.Nc3 c5 4.d5 exd5 5.cxd5 d6 6.e4 g6 7.f4 Bg7 8.Bb5+ Nfd7
9.a4 O-O 10.Nf3 Na6 11.O-O Nc7 12.Bd3 Rb8 13.Nd2 Nf6 14.Nc4 Ng4 15.Qe1 f5 
16.h3 Bd4+ 17.Kh1 Nf6 18.e5 Nfe8 19.Be3 dxe5 20.Nxe5 Kg7 21.Qf2 Bxe3 22.
Qxe3 Nxd5 23.Qxc5 Nxc3 24.Qxc3 Nf6 25.Rad1 Qe7 26.Rfe1 Be6 27.Nf3 Rbc8 28.
Qe5 Qb4 29.Qxe6 Rfe8 30.Qa2 Qxf4 31.b3 b6 32.Qb2 g5 33.Rf1 Rc5 34.Nd4 Qc7 
35.Nxf5+ 1-0

[Event "23rd ECh U20"]
[Site "Holon ISR"]
[Date "1995.11.??"]
[Round "5"]
[White "Pedersen, Daniel Vesterbak"]
[Black "Vouldis, Angelos"]
[Result "0-1"]
[WhiteElo "2165"]
[BlackElo "2425"]
[EventDate "1995.11.03"]
[PlyCount "56"]

1.e4 c5 2.c3 d6 3.d4 Nf6 4.Bd3 g6 5.dxc5 dxc5 6.e5 c4 7.Bxc4 Qxd1+ 8.Kxd1 
Ng4 9.Ke2 Nxe5 10.Bb5+ Nbc6 11.Bf4 Bg7 12.Nf3 Nxf3 13.Kxf3 Bd7 14.Na3 a6 
15.Bd3 Ne5+ 16.Bxe5 Bxe5 17.Nc4 Bc7 18.Rhe1 O-O-O 19.Ke2 Bg4+ 20.f3 Be6 
21.Nd2 Bxh2 22.Ne4 Bf4 23.g3 Bc7 24.Ng5 Bd5 25.c4 h6 26.cxd5 hxg5 27.g4 
Rh2+ 28.Ke3 Rxd5 0-1

[Event "23rd ECh U20"]
[Site "Holon ISR"]
[Date "1995.11.??"]
[Round "5"]
[White "Knoflicek, Ctibor"]
[Black "Van de Mortel, Jan"]
[Result "1/2-1/2"]
[WhiteElo "2195"]
[BlackElo "2340"]
[EventDate "1995.11.03"]
[PlyCount "83"]

1.d4 Nf6 2.Nf3 g6 3.Bg5 Bg7 4.Nbd2 O-O 5.e4 d6 6.c3 c5 7.dxc5 dxc5 8.Qc2 
Nc6 9.Be2 Qc7 10.O-O h6 11.Bh4 Nh5 12.Rfd1 Nf4 13.Bf1 Bg4 14.h3 Bxf3 15.
Nxf3 Nh5 16.g4 Nf4 17.Bg3 g5 18.Rd2 Be5 19.Rad1 Rad8 20.Rxd8 Rxd8 21.Rxd8+
Qxd8 22.Bxf4 Bxf4 23.Qd3 Qxd3 24.Bxd3 Bc1 25.b3 Bb2 26.c4 Kg7 27.Kf1 Kf6 
28.Ke2 e6 29.Bb1 Bc3 30.Bc2 Bd4 31.Bd3 Bc3 32.Ke3 Bd4+ 33.Ke2 Ne7 34.Ne1 
Ke5 35.Nf3+ Kf6 36.Nxd4 cxd4 37.c5 Ng6 38.Kd2 a5 39.a3 Ke5 40.b4 axb4 41.
axb4 Kf4 42.b5 1/2-1/2

[Event "23rd ECh U20"]
[Site "Holon ISR"]
[Date "1995.11.??"]
[Round "5"]
[White "Petek, Pavel"]
[Black "Forster, Richard"]
[Result "1-0"]
[WhiteElo "2065"]
[BlackElo "2370"]
[EventDate "1995.11.03"]
[PlyCount "26"]

1.c4 g6 2.g3 Bg7 3.Bg2 Nf6 4.Nc3 O-O 5.e4 e5 6.Nge2 d6 7.O-O c6 8.d3 Na6 
9.f4 Qb6+ 10.Kh1 Ng4 11.Na4 Nf2+ 12.Kg1 Nh3+ 13.Kh1 Qg1+ 1-0

[Event "23rd ECh U20"]
[Site "Holon ISR"]
[Date "1995.11.??"]
[Round "6"]
[White "Rowson, Jonathan"]
[Black "Sutovsky, Emil"]
[Result "0-1"]
[WhiteElo "2400"]
[BlackElo "2545"]
[EventDate "1995.11.03"]
[PlyCount "64"]

1.e4 c5 2.Nf3 Nc6 3.d4 cxd4 4.Nxd4 Nf6 5.Nc3 e5 6.Ndb5 d6 7.Nd5 Nxd5 8.
exd5 Nb8 9.c4 a6 10.Nc3 Be7 11.Bd3 O-O 12.O-O f5 13.Be3 Nd7 14.f3 g5 15.
Be2 e4 16.Bd4 exf3 17.Bxf3 Bf6 18.Rc1 Qe7 19.b4 Ne5 20.c5 Qg7 21.Kh1 g4 
22.Be2 g3 23.hxg3 Qxg3 24.Bf2 Qg6 25.c6 f4 26.cxb7 Bxb7 27.Bd4 f3 28.gxf3 
Qh6+ 29.Kg2 Qg5+ 30.Kh1 Qh4+ 31.Kg2 Kh8 32.Rg1 Bc8 0-1

[Event "23rd ECh U20"]
[Site "Holon ISR"]
[Date "1995.11.??"]
[Round "6"]
[White "Skripchenko, Almira"]
[Black "Liss, Eran"]
[Result "0-1"]
[WhiteElo "2400"]
[BlackElo "2480"]
[EventDate "1995.11.03"]
[PlyCount "110"]

1.e4 e5 2.Nf3 Nc6 3.Nc3 Nf6 4.d4 exd4 5.Nxd4 Bb4 6.Nxc6 bxc6 7.Bd3 d5 8.
exd5 cxd5 9.O-O O-O 10.Bg5 c6 11.Ne2 h6 12.Bh4 Bd6 13.Bg3 Bg4 14.Qd2 Bxe2 
15.Qxe2 Bxg3 16.hxg3 Rb8 17.b3 Qa5 18.Qf3 Rfe8 19.c4 Re6 20.a3 Rbe8 21.b4 
Qb6 22.Rac1 g6 23.c5 Qd8 24.b5 Qa5 25.bxc6 Rxc6 26.Qf4 Kg7 27.Qb4 Qc7 28.
Rc2 Rb8 29.Qd4 Qa5 30.Rc3 h5 31.Rb1 Rxb1+ 32.Bxb1 Re6 33.Bd3 Re1+ 34.Kh2 
Qc7 35.Rc2 Rd1 36.c6 Qb6 37.Qxf6+ Kxf6 38.c7 Qe6 39.Be2 Qxe2 40.Rxe2 Rc1 
41.g4 hxg4 42.Kg3 Rxc7 43.Kxg4 Re7 44.Rd2 Ke5 45.f4+ Kd6 46.Kf3 Kc5 47.
Rc2+ Kd4 48.a4 Kd3 49.Rc5 d4 50.a5 Kd2 51.Kf2 d3 52.Rc4 Kd1 53.Rc5 Re2+ 
54.Kf1 Rc2 55.Rb5 Kc1 0-1

[Event "23rd ECh U20"]
[Site "Holon ISR"]
[Date "1995.11.??"]
[Round "6"]
[White "Pcola, Pavol"]
[Black "Murdzia, Piotr"]
[Result "1/2-1/2"]
[WhiteElo "2335"]
[BlackElo "2425"]
[EventDate "1995.11.03"]
[PlyCount "127"]

1.e4 e5 2.Nf3 Nc6 3.Nc3 Nf6 4.d4 exd4 5.Nd5 Be7 6.Bf4 d6 7.Nxd4 O-O 8.Nb5 
Nxd5 9.exd5 Ne5 10.Be2 Bf6 11.O-O Re8 12.c3 Ng6 13.Bg3 a6 14.Na3 Bh4 15.
Nc2 Bxg3 16.hxg3 Qg5 17.Re1 Bd7 18.Qd4 h5 19.Bd3 h4 20.Re3 Rxe3 21.Qxe3 
Qxe3 22.Nxe3 Ne5 23.Bc2 hxg3 24.f3 Re8 25.Nf1 Nc4 26.Nxg3 Nb6 27.Rd1 Re5 
28.Be4 f5 29.Bd3 Nxd5 30.Bc4 Be6 31.Kf2 Nf4 32.Bxe6+ Nxe6 33.Ne2 Kf7 34.b3
Ra5 35.Rd2 Kf6 36.c4 g5 37.Nc3 Re5 38.a4 a5 39.g3 Kf7 40.Nb5 Ke7 41.Rd1 f4
42.gxf4 gxf4 43.Rh1 Re3 44.Rh7+ Kf6 45.Nxc7 Nxc7 46.Rxc7 Rxb3 47.Ke2 Re3+ 
48.Kd2 Rxf3 49.Rxb7 Re3 50.Rh7 Rg3 51.Ke2 Kf5 52.Ra7 Re3+ 53.Kf2 Ra3 54.
Rxa5+ Ke4 55.Rd5 Ra2+ 56.Kg1 Rxa4 57.Rxd6 Rxc4 58.Rd1 Rc2 59.Ra1 Re2 60.
Kf1 Kf3 61.Ra8 Rf2+ 62.Kg1 Re2 63.Kf1 Re3 64.Rh8 1/2-1/2

[Event "23rd ECh U20"]
[Site "Holon ISR"]
[Date "1995.11.??"]
[Round "6"]
[White "Drenchev, Petar"]
[Black "Allakhverdiev, Anar"]
[Result "0-1"]
[WhiteElo "2320"]
[BlackElo "2290"]
[EventDate "1995.11.03"]
[PlyCount "74"]

1.c4 e5 2.Nc3 Nf6 3.Nf3 d6 4.g3 g6 5.Bg2 Bg7 6.O-O O-O 7.d3 c5 8.Ne1 Nc6 
9.Nc2 Bd7 10.Ne3 a6 11.f4 exf4 12.gxf4 Ng4 13.Ned5 f5 14.Rb1 Rb8 15.h3 Nf6
16.a3 Nd4 17.b4 b5 18.e3 Ne6 19.Bb2 Re8 20.Kh2 Rc8 21.Nxf6+ Bxf6 22.Qb3 
Rb8 23.cxb5 axb5 24.Nd5 Bxb2 25.Qxb2 Kf7 26.Rbc1 Qh4 27.e4 Bc6 28.e5 Rbd8 
29.Rce1 dxe5 30.Rxe5 Nd4 31.Rxe8 Rxe8 32.bxc5 Ne2 33.Qa2 Kg7 34.Qb2+ Kh6 
35.Qf6 Qg3+ 36.Kh1 Bxd5 37.Qg5+ Kg7 0-1

[Event "23rd ECh U20"]
[Site "Holon ISR"]
[Date "1995.11.??"]
[Round "6"]
[White "Solak, Dragan"]
[Black "Czebe, Attila"]
[Result "0-1"]
[WhiteElo "2240"]
[BlackElo "2340"]
[EventDate "1995.11.03"]
[PlyCount "106"]

1.e4 e5 2.Nf3 Nc6 3.Bb5 Nge7 4.d4 exd4 5.Nxd4 g6 6.Nxc6 Nxc6 7.Bxc6 dxc6 
8.Qxd8+ Kxd8 9.Bg5+ Be7 10.Bxe7+ Kxe7 11.Nc3 b5 12.Ke2 a5 13.Ke3 a4 14.b4 
a3 15.Rad1 Be6 16.Kd4 Rhd8+ 17.Kc5 Rd6 18.Rd3 Bc4 19.Rxd6 cxd6+ 20.Kxc6 
Rc8+ 21.Kb7 Be6 22.Nxb5 Rxc2 23.Nd4 Rxa2 24.Nxe6 Kxe6 25.b5 Rb2 26.b6 a2 
27.Ra1 Kd7 28.f3 f6 29.f4 f5 30.e5 dxe5 31.fxe5 Rxg2 32.Ka7 Rxh2 33.b7 Rb2
34.b8=R Rxb8 35.Kxb8 Ke6 36.Rxa2 f4 37.Ra7 g5 38.Rxh7 f3 39.Rh3 g4 40.Rg3 
f2 41.Rxg4 f1=Q 42.Rg6+ Kxe5 43.Rb6 Kd5 44.Rb7 Qf8+ 45.Ka7 Qc5+ 46.Ka6 
Qa3+ 47.Kb5 Qb3+ 48.Ka6 Qa4+ 49.Kb6 Kd6 50.Rb8 Qb4+ 51.Ka7 Qa5+ 52.Kb7 Kd7
53.Rh8 Qb4+ 0-1

[Event "23rd ECh U20"]
[Site "Holon ISR"]
[Date "1995.11.??"]
[Round "6"]
[White "Liiva, Riho"]
[Black "Pedersen, Daniel Vesterbak"]
[Result "1/2-1/2"]
[WhiteElo "2410"]
[BlackElo "2165"]
[EventDate "1995.11.03"]
[PlyCount "36"]

1.e4 e5 2.Nf3 Nc6 3.Bb5 a6 4.Ba4 Nf6 5.Qe2 Bc5 6.Bxc6 bxc6 7.Nxe5 O-O 8.
O-O Qe7 9.Nd3 Bd4 10.Nc3 Re8 11.Re1 d6 12.Qf1 a5 13.Nf4 Ng4 14.Nd1 Qh4 15.
h3 Ne5 16.d3 g5 17.Ne2 Bb6 18.Ne3 g4 1/2-1/2

[Event "23rd ECh U20"]
[Site "Holon ISR"]
[Date "1995.11.??"]
[Round "6"]
[White "Finkel, Alexander"]
[Black "Petek, Pavel"]
[Result "1-0"]
[WhiteElo "2490"]
[BlackElo "2065"]
[EventDate "1995.11.03"]
[PlyCount "51"]

1.e4 e5 2.Nc3 Nf6 3.g3 d5 4.exd5 Nxd5 5.Bg2 Nxc3 6.bxc3 Bd6 7.Nf3 O-O 8.
O-O c6 9.d4 Nd7 10.Re1 exd4 11.cxd4 Nb6 12.Qd3 Qf6 13.c4 Bf5 14.Qb3 Bc7 
15.Bb2 Rae8 16.d5 Qd6 17.Nd4 Bd7 18.Ba3 c5 19.Nb5 Bxb5 20.Qxb5 Nd7 21.Qxb7
Rb8 22.Qc6 Rb6 23.Rad1 Ra6 24.Bc1 Ne5 25.Qb5 Rb8 26.Rxe5 1-0

[Event "23rd ECh U20"]
[Site "Holon ISR"]
[Date "1995.11.??"]
[Round "6"]
[White "Van de Mortel, Jan"]
[Black "Leer-Salvesen, Bjarte"]
[Result "1/2-1/2"]
[WhiteElo "2340"]
[BlackElo "2170"]
[EventDate "1995.11.03"]
[PlyCount "39"]

1.d4 e6 2.Nf3 d5 3.Bf4 Nf6 4.Nbd2 Bd6 5.Bg3 O-O 6.e3 b6 7.c3 Bb7 8.Bd3 c5 
9.Ne5 Nc6 10.f4 Nd7 11.O-O f5 12.Bh4 Qxh4 13.Nxd7 Rf7 14.Ne5 Nxe5 15.dxe5 
Bf8 16.Nf3 Qh5 17.Qc2 h6 18.Be2 Rc7 19.c4 Qe8 20.a4 1/2-1/2

[Event "23rd ECh U20"]
[Site "Holon ISR"]
[Date "1995.11.??"]
[Round "7"]
[White "Liss, Eran"]
[Black "Ovseevich, Sergei"]
[Result "1-0"]
[WhiteElo "2480"]
[BlackElo "2405"]
[EventDate "1995.11.03"]
[PlyCount "59"]

1.e4 c5 2.Nf3 d6 3.d4 cxd4 4.Nxd4 Nf6 5.Nc3 g6 6.Be3 Bg7 7.f3 O-O 8.Qd2 
Nc6 9.O-O-O d5 10.Qe1 e5 11.Nxc6 bxc6 12.exd5 cxd5 13.Bg5 Be6 14.Bc4 Qc7 
15.Bxf6 dxc4 16.Bxg7 Kxg7 17.Qe3 Rab8 18.Rhe1 f6 19.Ne4 Rb6 20.Re2 Bf5 21.
Nc3 Qb8 22.g4 Bc8 23.Red2 Rf7 24.Rd8 Rc6 25.Ne4 Qb4 26.R1d6 Rxd6 27.Nxd6 
Rd7 28.Ne8+ Kf7 29.Rxc8 Qb7 30.Qc5 1-0

[Event "23rd ECh U20"]
[Site "Holon ISR"]
[Date "1995.11.??"]
[Round "7"]
[White "Stocek, Jiri"]
[Black "Pcola, Pavol"]
[Result "1-0"]
[WhiteElo "2475"]
[BlackElo "2335"]
[EventDate "1995.11.03"]
[PlyCount "89"]

1.d4 d5 2.c4 c6 3.Nc3 Nf6 4.Nf3 e6 5.Bg5 h6 6.Bh4 dxc4 7.e4 g5 8.Bg3 b5 9.
Be2 Bb7 10.O-O Nbd7 11.d5 exd5 12.exd5 Nxd5 13.Bxc4 Be7 14.Bxd5 cxd5 15.
Nxb5 O-O 16.Bc7 Qc8 17.Rc1 Nc5 18.Re1 Qd7 19.Rxe7 Qxb5 20.a4 Qxa4 21.Qxa4 
Nxa4 22.b3 Nb2 23.Be5 Nd3 24.Rcc7 Rac8 25.h3 Rxc7 26.Bxc7 Bc8 27.Nd4 Kg7 
28.Bd6 Rd8 29.Bg3 a6 30.Nc6 Rd7 31.Re8 f5 32.Rxc8 f4 33.Bh2 Rb7 34.Kf1 
Rxb3 35.Ke2 Nc5 36.Nd4 Rb2+ 37.Kf3 Nd3 38.Kg4 Nxf2+ 39.Kf5 Ne4 40.Rc7+ Kf8
41.Bg1 Rxg2 42.Ne6+ Ke8 43.Bc5 Nxc5 44.Nxc5 Rc2 45.Kf6 1-0

[Event "23rd ECh U20"]
[Site "Holon ISR"]
[Date "1995.11.??"]
[Round "7"]
[White "Allakhverdiev, Anar"]
[Black "Skripchenko, Almira"]
[Result "0-1"]
[WhiteElo "2290"]
[BlackElo "2400"]
[EventDate "1995.11.03"]
[PlyCount "88"]

1.Nf3 Nf6 2.g3 d5 3.Bg2 c6 4.d4 Bf5 5.b3 e6 6.O-O h6 7.c4 Be7 8.Nc3 O-O 9.
Bb2 Nbd7 10.Nd2 a5 11.a3 Qc7 12.Rc1 Nb6 13.e4 dxe4 14.Ncxe4 Rfd8 15.Qe2 
Rac8 16.h3 Qb8 17.Rfd1 Nbd7 18.Nc3 e5 19.dxe5 Nxe5 20.Nd5 cxd5 21.Bxe5 Qa7
22.Bb2 Re8 23.Nf1 dxc4 24.bxc4 Bxa3 25.Ne3 Bc5 26.Bxf6 gxf6 27.Kh2 Bxe3 
28.fxe3 Qxe3 29.Qb2 Qe5 30.Qb6 Re6 31.Qxb7 Rb8 32.Qf3 Bg6 33.Rd2 Qc5 34.
Rd5 Qc7 35.Qf2 Rb3 36.c5 Ree3 37.Qxf6 Qxg3+ 38.Kg1 Qxg2+ 39.Kxg2 Be4+ 40.
Kf2 Rf3+ 41.Qxf3 Rxf3+ 42.Ke2 Bxd5 43.c6 Bxc6 44.Rxc6 Rxh3 0-1

[Event "23rd ECh U20"]
[Site "Holon ISR"]
[Date "1995.11.??"]
[Round "7"]
[White "Hedman, Erik"]
[Black "Slivinskas, Mindaugas"]
[Result "1/2-1/2"]
[WhiteElo "2320"]
[BlackElo "2265"]
[EventDate "1995.11.03"]
[PlyCount "117"]

1.d4 d5 2.c4 e6 3.Nc3 Nf6 4.cxd5 exd5 5.Bg5 Nbd7 6.e3 Be7 7.Bd3 O-O 8.Nge2
Re8 9.Qc2 Nf8 10.O-O c6 11.f3 Ng6 12.Rad1 Qd6 13.e4 dxe4 14.fxe4 Ng4 15.e5
Qd8 16.Bxe7 Qxe7 17.Qc1 c5 18.h3 cxd4 19.Nd5 Qxe5 20.hxg4 Bxg4 21.Ndf4 
Nxf4 22.Nxf4 Rac8 23.Qd2 Bxd1 24.Rxd1 Rc6 25.Qe2 Qb8 26.Qg4 Qe5 27.Qe2 
Qe3+ 28.Qxe3 Rxe3 29.Ne2 Rd6 30.Kf2 Re5 31.b4 g6 32.a4 h5 33.a5 Kg7 34.Rc1
Re3 35.Rd1 Re5 36.Rc1 g5 37.Ng3 Rf6+ 38.Kg1 Kh6 39.Rc8 Re1+ 40.Kh2 Re3 41.
Nf5+ Rxf5 42.Bxf5 Rb3 43.Rc7 Rxb4 44.g4 Rb2+ 45.Kg1 Kg7 46.gxh5 Kf6 47.Bd3
Rb3 48.Bc4 Rb1+ 49.Kg2 g4 50.Bxf7 d3 51.Bc4 d2 52.Be2 d1=Q 53.Bxd1 Rxd1 
54.h6 Kg5 55.h7 Rd2+ 56.Kg3 Rd3+ 57.Kf2 Rh3 58.Rxb7 a6 59.Kg2 1/2-1/2

[Event "23rd ECh U20"]
[Site "Holon ISR"]
[Date "1995.11.??"]
[Round "7"]
[White "Leer-Salvesen, Bjarte"]
[Black "Garbisu de Goni, Unai"]
[Result "1-0"]
[WhiteElo "2170"]
[BlackElo "2395"]
[EventDate "1995.11.03"]
[PlyCount "133"]

1.c4 f5 2.Nc3 Nf6 3.g3 g6 4.Bg2 Bg7 5.d3 e5 6.Nf3 d6 7.O-O Nc6 8.Rb1 O-O 
9.b4 a6 10.a4 h6 11.Nd5 Nxd5 12.cxd5 Ne7 13.Qb3 g5 14.b5 axb5 15.axb5 g4 
16.Nd2 b6 17.Bb2 Bf6 18.Ra1 Rxa1 19.Rxa1 Bg5 20.Nc4 Ng6 21.Ra8 f4 22.Qc2 
Qf6 23.f3 gxf3 24.Bxf3 fxg3 25.hxg3 h5 26.Bc1 Qf5 27.Ne3 Qh3 28.Nf1 Bd8 
29.Ra4 Qf5 30.g4 Qf6 31.gxh5 Nf4 32.Nh2 Qh4 33.Bxf4 exf4 34.Qd1 Rf7 35.Ra8
Rg7+ 36.Kh1 Bh3 37.h6 Rg6 38.h7+ Kxh7 39.Be4 Bf6 40.Bxg6+ Kxg6 41.Qg1+ Qg3
42.Rg8+ Bg7 43.Qxg3+ fxg3 44.Nf3 Kf7 45.Ra8 Bf1 46.Ra2 Bh6 47.Ne1 Be3 48.
Ng2 Bf2 49.Nf4 Kf6 50.Ra1 Kf5 51.Rxf1 Kxf4 52.Rc1 Ke3 53.Rc2 Be1 54.Kg2 
Bf2 55.Kf1 Kd4 56.Rxc7 Kxd5 57.Rc4 Ke5 58.Kg2 d5 59.Rc6 Kf4 60.Re6 Kf5 61.
Re7 Kf4 62.Rd7 Ke3 63.Kf1 Kd4 64.e4 Kxd3 65.e5 Bc5 66.e6 Ke4 67.Kg2 1-0

[Event "23rd ECh U20"]
[Site "Holon ISR"]
[Date "1995.11.??"]
[Round "7"]
[White "Petek, Pavel"]
[Black "Kovacevic, Blazimir"]
[Result "0-1"]
[WhiteElo "2065"]
[BlackElo "2340"]
[EventDate "1995.11.03"]
[PlyCount "54"]

1.c4 e5 2.Nc3 Bb4 3.g3 Bxc3 4.bxc3 Nc6 5.Bg2 d6 6.Rb1 Nge7 7.Nf3 O-O 8.O-O
b6 9.d4 Bf5 10.Rb2 f6 11.c5 bxc5 12.Nh4 Bg4 13.dxe5 dxe5 14.Qa4 Qd7 15.Be3
Rab8 16.Rd2 Qe6 17.Bxc5 Rfd8 18.Rxd8+ Rxd8 19.Bxe7 Nxe7 20.Qxa7 Rd2 21.
Qxc7 Bxe2 22.Rb1 Kf7 23.Be4 g5 24.Bf5 Qd5 25.Ng2 Rd1+ 26.Ne1 Rxb1 27.Bxb1 
Qd1 0-1

[Event "23rd ECh U20"]
[Site "Holon ISR"]
[Date "1995.11.??"]
[Round "8"]
[White "Gabriel, Christian"]
[Black "Liss, Eran"]
[Result "0-1"]
[WhiteElo "2475"]
[BlackElo "2480"]
[EventDate "1995.11.03"]
[PlyCount "106"]

1.e4 e5 2.Nf3 Nc6 3.Bb5 a6 4.Ba4 Nf6 5.O-O Be7 6.Re1 b5 7.Bb3 d6 8.c3 O-O 
9.d4 Bg4 10.d5 Na5 11.Bc2 c6 12.h3 Bc8 13.dxc6 Qc7 14.Nbd2 Qxc6 15.a4 Bd7 
16.Nf1 Rfe8 17.Ng3 Nc4 18.b3 Nb6 19.a5 Nc8 20.Re3 Bd8 21.Rd3 Qc7 22.Bg5 h6
23.Be3 d5 24.Nh2 Nd6 25.exd5 e4 26.Rd2 Qxc3 27.Bd4 Qc7 28.Nhf1 b4 29.Ne3 
Rb8 30.Ne2 Rb5 31.Bb6 Qb8 32.Nd4 Bxb6 33.Nxb5 Bxe3 34.Nxd6 Bxf2+ 35.Rxf2 
Qxd6 36.Qd4 Qxd5 37.Qxb4 Bb5 38.Re1 e3 39.Rf5 Qd7 40.Qc3 Rc8 41.Rc5 Rxc5 
42.Qxc5 e2 43.Bf5 Qd2 44.Qc8+ Ne8 45.Qc1 Qd4+ 46.Kh1 h5 47.Bb1 g6 48.Qg5 
Qf2 49.Qd2 Nf6 50.b4 h4 51.Kh2 Nh5 52.Rc1 Bc6 53.Qd8+ Kg7 0-1

[Event "23rd ECh U20"]
[Site "Holon ISR"]
[Date "1995.11.??"]
[Round "8"]
[White "Liiva, Riho"]
[Black "Skripchenko, Almira"]
[Result "1-0"]
[WhiteElo "2410"]
[BlackElo "2400"]
[EventDate "1995.11.03"]
[PlyCount "53"]

1.e4 c6 2.c4 d5 3.cxd5 cxd5 4.exd5 Nf6 5.Nc3 a6 6.Nf3 b5 7.Qb3 Nbd7 8.a4 
Nc5 9.Qa3 e5 10.b4 Ncd7 11.axb5 a5 12.Qa2 Bxb4 13.Ba3 Bb7 14.Be2 O-O 15.
O-O Re8 16.Rfb1 Nb6 17.Qb2 Bxa3 18.Rxa3 Nfxd5 19.Nxd5 Qxd5 20.Rd3 Qe6 21.
Re3 Qg6 22.Bf1 Kh8 23.Nxe5 Rxe5 24.Qxe5 f6 25.Qc7 Qxb1 26.Qxb7 a4 27.Qxa8+
1-0

[Event "23rd ECh U20"]
[Site "Holon ISR"]
[Date "1995.11.??"]
[Round "8"]
[White "Vouldis, Angelos"]
[Black "Allakhverdiev, Anar"]
[Result "1-0"]
[WhiteElo "2425"]
[BlackElo "2290"]
[EventDate "1995.11.03"]
[PlyCount "67"]

1.e4 e5 2.Nf3 Nc6 3.Bb5 a6 4.Ba4 Nf6 5.Qe2 Be7 6.c3 b5 7.Bb3 O-O 8.d4 d6 
9.h3 Re8 10.O-O h6 11.Rd1 Bf8 12.Nbd2 Na5 13.dxe5 Nxb3 14.Nxb3 Nd7 15.Bf4 
Bb7 16.Na5 Qc8 17.Nxb7 Qxb7 18.exd6 Rxe4 19.Qd2 cxd6 20.Bxd6 Nb6 21.Bxf8 
Rxf8 22.b3 Rc8 23.Re1 Rxe1+ 24.Rxe1 Qc7 25.Re3 Rd8 26.Qe1 Kf8 27.g3 Qd7 
28.Kh2 Qc7 29.Re5 Nd5 30.Qe4 Nxc3 31.Qh7 f6 32.Re3 Kf7 33.Ne5+ fxe5 34.
Rf3+ 1-0

[Event "23rd ECh U20"]
[Site "Holon ISR"]
[Date "1995.11.??"]
[Round "8"]
[White "Rowson, Jonathan"]
[Black "Slivinskas, Mindaugas"]
[Result "1-0"]
[WhiteElo "2400"]
[BlackElo "2265"]
[EventDate "1995.11.03"]
[PlyCount "64"]

1.e4 e5 2.Nf3 Nc6 3.Bb5 f5 4.Nc3 Nd4 5.Bc4 c6 6.O-O d6 7.Bxg8 Rxg8 8.exf5 
Nxf3+ 9.Qxf3 Qg5 10.d4 Qxf5 11.Qe2 Qg4 12.Re1 Qxd4 13.Qh5+ g6 14.Qxh7 Rg7 
15.Qh8 Bf5 16.Bg5 Qc4 17.Rad1 Qg8 18.Qh4 Qh7 19.Qb4 Rd7 20.g4 Be7 21.Bxe7 
Qxe7 22.gxf5 gxf5 23.Kh1 O-O-O 24.Rg1 e4 25.Qd4 Qh7 26.Rg2 d5 27.Ne2 Qh4 
28.Rdg1 Rh7 29.Qe5 Qh5 30.Nf4 Qf3 31.Qxf5+ Rhd7 32.Qg4 Rh8 1-0

[Event "23rd ECh U20"]
[Site "Holon ISR"]
[Date "1995.11.??"]
[Round "8"]
[White "Pedersen, Daniel Vesterbak"]
[Black "Pcola, Pavol"]
[Result "0-1"]
[WhiteElo "2165"]
[BlackElo "2335"]
[EventDate "1995.11.03"]
[PlyCount "116"]

1.e4 e6 2.d4 d5 3.Nc3 Nf6 4.Bg5 Be7 5.e5 Nfd7 6.h4 Bxg5 7.hxg5 Qxg5 8.Nh3 
Qe7 9.Nf4 Nc6 10.Qd2 Nf8 11.O-O-O Bd7 12.Bb5 O-O-O 13.Bxc6 Bxc6 14.Rh3 Kb8
15.Rdh1 Rg8 16.Nd3 f5 17.Kb1 h6 18.f4 Nd7 19.Rg3 Rc8 20.Nf2 Nb6 21.b3 Rgd8
22.Nd3 Be8 23.Nc5 Nd7 24.N3a4 Nxc5 25.Nxc5 b6 26.Qb4 Ka8 27.Na6 c5 28.Qa3 
Qb7 29.dxc5 Bb5 30.Nb4 bxc5 31.Nd3 Bxd3 32.cxd3 c4 33.d4 Rc7 34.Qa5 Rdc8 
35.Rc1 cxb3 36.Rxc7 bxa2+ 37.Kxa2 Rxc7 38.Rb3 Rc2+ 39.Ka3 Qe7+ 40.Qb4 
Qxb4+ 41.Kxb4 Kb7 42.Ka5+ Kc6 43.Rg3 g5 44.fxg5 f4 45.Rg4 hxg5 46.Rxg5 Rc4
47.Rg6 Rxd4 48.Rxe6+ Kc5 49.Re7 Re4 50.e6 Kd6 51.Rxa7 Kxe6 52.Kb5 Ke5 53.
Rd7 Rc4 54.Rg7 Ke4 55.g4 f3 56.g5 f2 57.Rf7 Ke3 58.g6 Rg4 0-1

[Event "23rd ECh U20"]
[Site "Holon ISR"]
[Date "1995.11.??"]
[Round "8"]
[White "Solak, Dragan"]
[Black "Knoflicek, Ctibor"]
[Result "1-0"]
[WhiteElo "2240"]
[BlackElo "2195"]
[EventDate "1995.11.03"]
[PlyCount "37"]

1.e4 c5 2.Nf3 d6 3.d4 cxd4 4.Qxd4 Nc6 5.Bb5 Bd7 6.Bxc6 Bxc6 7.Nc3 Nf6 8.
Bg5 e6 9.O-O-O Be7 10.Rhe1 O-O 11.Qd2 Qc7 12.Nd4 Rab8 13.f3 b5 14.Bxf6 
gxf6 15.Nd5 Bxd5 16.exd5 e5 17.Nf5 Rfc8 18.Re4 Bf8 19.Qd3 1-0

[Event "23rd ECh U20"]
[Site "Holon ISR"]
[Date "1995.11.??"]
[Round "8"]
[White "Hedman, Erik"]
[Black "Petek, Pavel"]
[Result "0-1"]
[WhiteElo "2320"]
[BlackElo "2065"]
[EventDate "1995.11.03"]
[PlyCount "86"]

1.d4 d5 2.Nf3 c6 3.Bf4 Nf6 4.e3 Bg4 5.Nbd2 e6 6.h3 Bh5 7.g4 Bg6 8.Bg2 Nbd7
9.O-O Ne4 10.Ne5 Nxe5 11.dxe5 h5 12.f3 Nxd2 13.Qxd2 Qb6 14.c3 Be7 15.Bg3 
hxg4 16.hxg4 Bh4 17.Bxh4 Rxh4 18.Qf2 Rh6 19.Rad1 O-O-O 20.c4 dxc4 21.e4 
Rhh8 22.Qxb6 axb6 23.Kf2 Rxd1 24.Rxd1 Rd8 25.Rxd8+ Kxd8 26.a4 Ke7 27.g5 f6
28.gxf6+ gxf6 29.exf6+ Kxf6 30.f4 e5 31.Ke3 Bh5 32.Bf1 b5 33.axb5 cxb5 34.
f5 Bf7 35.Kd2 b4 36.b3 b5 37.Kc2 Kg5 38.Kc1 Kf4 39.Bg2 Ke3 40.Kc2 Kd4 41.
Kd2 c3+ 42.Kc2 Ke3 43.Bh1 Bh5 0-1

[Event "23rd ECh U20"]
[Site "Holon ISR"]
[Date "1995.11.??"]
[Round "9"]
[White "Murdzia, Piotr"]
[Black "Van de Mortel, Jan"]
[Result "1-0"]
[WhiteElo "2425"]
[BlackElo "2340"]
[EventDate "1995.11.03"]
[PlyCount "60"]

1.d4 Nf6 2.c4 g6 3.Nc3 Bg7 4.e4 d6 5.Nf3 O-O 6.h3 Nbd7 7.Bg5 h6 8.Be3 c5 
9.d5 b5 10.cxb5 a6 11.b6 Qxb6 12.Qc2 Rb8 13.Rb1 a5 14.Nd2 Ba6 15.Na4 Qa7 
16.Bxa6 Qxa6 17.Nc4 e6 18.dxe6 fxe6 19.O-O Kh7 20.e5 dxe5 21.Nxc5 Qc6 22.
Nxa5 Qa8 23.Nxd7 Nxd7 24.b4 e4 25.Qb3 Ne5 26.Rfc1 Rf7 27.a3 Re8 28.Nc4 Nd3
29.Nd6 Rd7 30.Nxe8 Nxc1 1-0

[Event "23rd ECh U20"]
[Site "Holon ISR"]
[Date "1995.11.??"]
[Round "9"]
[White "Pcola, Pavol"]
[Black "Vouldis, Angelos"]
[Result "0-1"]
[WhiteElo "2335"]
[BlackElo "2425"]
[EventDate "1995.11.03"]
[PlyCount "52"]

1.d4 Nf6 2.Nf3 g6 3.h3 Bg7 4.Bf4 O-O 5.Nbd2 d6 6.e3 Nc6 7.Be2 e5 8.dxe5 
dxe5 9.Nxe5 Nd5 10.Ndf3 Nxf4 11.exf4 Qf6 12.Qd2 Re8 13.O-O Bh6 14.Nd3 Bf5 
15.Nfe1 Rad8 16.Bg4 Nd4 17.Bxf5 Qxf5 18.Kh1 c5 19.Qa5 b6 20.Qxa7 Qe6 21.a4
c4 22.Nb4 Bxf4 23.Qa6 Qe2 24.Ned3 cxd3 25.cxd3 Nb3 26.Rad1 Nd2 0-1

[Event "23rd ECh U20"]
[Site "Holon ISR"]
[Date "1995.11.??"]
[Round "9"]
[White "Allakhverdiev, Anar"]
[Black "Garbisu de Goni, Unai"]
[Result "1-0"]
[WhiteElo "2290"]
[BlackElo "2395"]
[EventDate "1995.11.03"]
[PlyCount "123"]

1.c4 f5 2.g3 Nf6 3.Bg2 g6 4.Nf3 Bg7 5.O-O d6 6.d4 O-O 7.Nc3 Nc6 8.d5 Ne5 
9.Nxe5 dxe5 10.e4 f4 11.b4 g5 12.Re1 a6 13.Rb1 Qe8 14.Bb2 Ng4 15.f3 Ne3 
16.Rxe3 fxe3 17.g4 Qg6 18.Bc1 Bd7 19.Bxe3 Rad8 20.Rb2 h6 21.Rd2 Be8 22.h3 
Qf6 23.a4 Bf7 24.Bf1 Rfe8 25.Be2 Bf8 26.c5 Ra8 27.Kg2 Red8 28.Bc4 Kh8 29.
Qb3 Bg7 30.Qd1 Bf8 31.Ne2 Be8 32.Bb3 Bg7 33.Ng3 Bg6 34.Qe2 Rf8 35.Rd1 Rad8
36.Bf2 Qf7 37.Nf1 Qf6 38.Ne3 Kh7 39.Bg3 c6 40.Rd3 Kh8 41.Qd1 cxd5 42.Nxd5 
Qc6 43.Nxe7 Bxe4 44.Nxc6 Rxd3 45.Qxd3 Bxd3 46.Nxe5 Bb1 47.Nf7+ Kh7 48.Nd6 
Rd8 49.b5 axb5 50.axb5 Bf8 51.Bd5 b6 52.c6 Rxd6 53.c7 Rxd5 54.c8=Q Rd2+ 
55.Kf1 Bc5 56.Qc7+ Kg8 57.Be5 Kf8 58.Bg7+ Ke8 59.Qc6+ Ke7 60.Bxh6 Bd3+ 61.
Ke1 Bb4 62.Bxg5+ 1-0